000 00888nam a2200241 i 4500
001 187207
003 SpMaBN
005 20230906222837.0
008 170508s1987 ck f |||| | spa d
080 _a316.77:003.6
100 1 _aSilva Téllez, Armando.
_9162556
245 1 0 _aPunto de vista ciudadano
_b: focalización visual y puesta en escena del graffiti /
_cArmando Silva.
260 _aBogotá :
_b[Instituto Caro y Cuervo],
_c1987.
300 _a86 p., [12] p. de lám. ;
_c21 cm.
490 1 _aPublicaciones del Instituto Caro y Cuervo.
_aMinor ;
_v29
500 _aÍndice.
504 _aBibliografía: p. [75]-80.
650 7 _aGraffiti.
_9162557
710 2 _aInstituto Caro y Cuervo.
_94806
830 0 _aPublicaciones del Instituto Caro y Cuervo.
_aMinor ;
_v29
_9192752
852 _aES-MaACL
_jL-31551
_z. - Donat. Viuda Antonio Tovar
999 _c187207
_d187207